[Event "Rated Blitz game"]
[Site "?"]
[Date "2021.02.25"]
[Round "?"]
[White "Hirdons"]
[Black "philip_simon_din"]
[Result "1-0"]
[WhiteElo "2588"]
[BlackElo "2402"]
[PlyCount "51"]
[EventDate "2021.??.??"]
[EventType "blitz"]

1. e4 e5 2. Nf3 d5 3. Nxe5 Qe7 4. d4 f6 5. Nc3 fxe5 6. Nxd5 Qf7 7. Bc4 b5 8.
Bb3 Be6 9. dxe5 Bc5 10. O-O Nc6 11. Nxc7+ Qxc7 12. Bxe6 Rd8 13. Qh5+ g6 14. Qh4
Qe7 15. Qh3 Nd4 16. Bd5 Qxe5 17. Be3 Nf6 18. c3 Ne2+ 19. Kh1 Nf4 20. Bxf4 Qxf4
21. Qe6+ Be7 22. Qf7+ Kd7 23. Be6+ Kd6 24. Rad1+ Ke5 25. Qxe7 Rhe8 26. Qc7+ {
Normal} 1-0

[Event "Rated Blitz tournament d9DIquYR"]
[Site "?"]
[Date "2021.02.25"]
[Round "?"]
[White "MIBenjaminmela"]
[Black "giomar"]
[Result "1/2-1/2"]
[WhiteElo "2429"]
[BlackElo "2271"]
[PlyCount "56"]
[EventDate "2021.??.??"]
[EventType "blitz"]

1. e4 e5 2. Nf3 d5 3. d4 dxe4 4. Nxe5 Bd6 5. Nc4 Nf6 6. Nc3 O-O 7. Bg5 h6 8.
Bh4 g5 9. Bg3 Nc6 10. Nxd6 cxd6 11. h4 g4 12. Qd2 Kg7 13. O-O-O d5 14. h5 Nh7
15. Bh4 Ng5 16. Qf4 Be6 17. Ne2 Qf6 18. Qxf6+ Kxf6 19. Ng3 Kg7 20. Bxg5 hxg5
21. h6+ Kh7 22. Nh5 f5 23. Ng7 Bd7 24. f3 gxf3 25. gxf3 e3 26. Bd3 Rf6 27. c3
Raf8 28. Rdg1 Rg6 {Normal} 1/2-1/2

[Event "Rated Blitz game"]
[Site "?"]
[Date "2021.02.25"]
[Round "?"]
[White "alesha_kiselev"]
[Black "annaly1979"]
[Result "1-0"]
[WhiteElo "2449"]
[BlackElo "2403"]
[PlyCount "103"]
[EventDate "2021.??.??"]
[EventType "blitz"]

1. e4 e5 2. Nf3 d5 3. exd5 e4 4. Qe2 f5 5. d3 Nf6 6. Bg5 Be7 7. dxe4 fxe4 8.
Nfd2 O-O 9. Nc3 Bf5 10. O-O-O Nbd7 11. Nc4 Nb6 12. Ne3 Bg6 13. h4 h6 14. h5 Bh7
15. Bxf6 Bxf6 16. Qd2 a6 17. g4 Qd6 18. Bg2 Rae8 19. Rde1 Bg5 20. Kb1 Nc4 21.
Qd4 Bxe3 22. fxe3 Qb4 23. Ne2 Rf2 24. Bh3 Rd8 25. g5 c5 26. Be6+ Kh8 27. Qc3
Qxc3 28. Nxc3 hxg5 29. h6 Nd2+ 30. Kc1 Nf3 31. hxg7+ Kxg7 32. Ref1 Rxf1+ 33.
Rxf1 b5 34. Ne2 b4 35. Ng3 c4 36. c3 bxc3 37. bxc3 Rb8 38. d6 Ne5 39. Nf5+ Bxf5
40. Rxf5 Nd3+ 41. Kd2 Rb2+ 42. Kd1 Rb1+ 43. Kd2 Rb2+ 44. Kd1 Rb1+ 45. Ke2 Rb2+
46. Kf1 Rb1+ 47. Kg2 Rb2+ 48. Kg3 Kg6 49. d7 Nc5 50. Rxc5 Rc2 51. d8=Q Rxc3 52.
Rxg5+ {Time forfeit} 1-0

[Event "Rated Blitz game"]
[Site "?"]
[Date "2021.02.25"]
[Round "?"]
[White "GoranPa"]
[Black "BrilliantGambiteer"]
[Result "1-0"]
[WhiteElo "2432"]
[BlackElo "2323"]
[PlyCount "53"]
[EventDate "2021.??.??"]
[EventType "blitz"]

1. e4 e5 2. Nf3 d5 3. Nxe5 Bd6 4. d4 dxe4 5. Bc4 Bxe5 6. dxe5 Qxd1+ 7. Kxd1 Nc6
8. Re1 Bg4+ 9. Kd2 O-O-O+ 10. Kc3 Nxe5 11. Rxe4 Nxc4 12. Rxg4 Nb6 13. Rxg7 Ne7
14. Bg5 Ned5+ 15. Kb3 f6 16. Bh4 a5 17. a4 c5 18. Na3 Rhe8 19. Bg3 Rd7 20. Rxd7
Kxd7 21. Nc4 Nxc4 22. Kxc4 Kc6 23. Rd1 Re4+ 24. Kb3 Rb4+ 25. Ka3 b5 26. axb5+
Rxb5 27. c4 {Normal} 1-0

[Event "Rated Blitz game"]
[Site "?"]
[Date "2021.02.25"]
[Round "?"]
[White "historicodeatleta"]
[Black "Chesspirate_Channel"]
[Result "0-1"]
[WhiteElo "2406"]
[BlackElo "2376"]
[PlyCount "42"]
[EventDate "2021.??.??"]
[EventType "blitz"]

1. e4 e5 2. Nf3 d5 3. d4 dxe4 4. Nxe5 Bd6 5. Nc4 Be7 6. Ne3 Nf6 7. c4 O-O 8.
Nc3 Re8 9. a3 Nc6 10. d5 Ne5 11. Be2 a6 12. b4 a5 13. b5 b6 14. O-O Bd6 15. h3
Bd7 16. Bb2 Qc8 17. Re1 Bxh3 18. gxh3 Qxh3 19. Nf1 Nf3+ 20. Bxf3 exf3 21. Rxe8+
Rxe8 {Normal} 0-1

[Event "Rated Blitz tournament FYTmCUBe"]
[Site "?"]
[Date "2021.02.25"]
[Round "?"]
[White "Dagul67"]
[Black "Maltinho"]
[Result "0-1"]
[WhiteElo "2400"]
[BlackElo "2473"]
[PlyCount "108"]
[EventDate "2021.??.??"]
[EventType "blitz"]

1. e4 e5 2. Nf3 d5 3. exd5 Bd6 4. Nc3 Nf6 5. Bb5+ c6 6. dxc6 Nxc6 7. O-O O-O 8.
d3 Bg4 9. Bxc6 bxc6 10. h3 Bh5 11. Ne4 Nxe4 12. dxe4 Qe7 13. Qe2 f5 14. exf5 e4
15. g4 exf3 16. Qxe7 Bxe7 17. gxh5 Rxf5 18. h6 Rh5 19. Re1 Bd6 20. Re6 Rd8 21.
Bd2 Rxh3 22. Bc3 gxh6 23. Rae1 Kf7 24. Rf6+ Kg8 25. Rf5 Bh2+ 26. Kf1 Bc7 27.
Kg1 Bb6 28. Re7 Rd1+ 29. Re1 Rg3+ 30. Kf1 Rh3 31. Kg1 Rxe1+ 32. Bxe1 Rg3+ 33.
Kf1 Rh3 34. Kg1 Kg7 35. Bc3+ Kg6 36. Rf6+ Kg5 37. Rxc6 Rg3+ 38. Kf1 Rg2 39.
Bf6+ Kf5 40. Bh4 Rh2 41. Rf6+ Ke5 42. Bg3+ Kxf6 43. Bxh2 Kf5 44. Ke1 Kg4 45. c4
Kh3 46. Bf4 h5 47. b4 h4 48. c5 Bd8 49. c6 Kg2 50. c7 Bxc7 51. Bxc7 h3 52. a4
h5 53. b5 h4 54. a5 h2 {Time forfeit} 0-1

[Event "Rated Blitz game"]
[Site "?"]
[Date "2021.02.25"]
[Round "?"]
[White "david_gomez"]
[Black "Kaldas90"]
[Result "0-1"]
[WhiteElo "2541"]
[BlackElo "2567"]
[PlyCount "108"]
[EventDate "2021.??.??"]
[EventType "blitz"]

1. e4 e5 2. Nf3 d5 3. exd5 Bd6 4. d4 e4 5. Nfd2 Nf6 6. c4 c5 7. Nc3 O-O 8. Be2
Re8 9. dxc5 Bxc5 10. Nb3 Bd6 11. O-O Na6 12. Bg5 h6 13. Bh4 Be5 14. Nxe4 Bxb2
15. Nxf6+ Bxf6 16. Bxf6 Qxf6 17. c5 Bf5 18. Bxa6 bxa6 19. Qd4 Qg6 20. Rfe1 Be4
21. g3 Qf5 22. Re3 Bxd5 23. Rae1 Red8 24. Qf4 Qxf4 25. gxf4 Kf8 26. Rd3 Be6 27.
Nd4 Bxa2 28. c6 Bc4 29. Rd2 a5 30. Rc1 Ba6 31. c7 Rd6 32. Rb2 Rb6 33. Rbc2 Rc8
34. Nf3 a4 35. Ne5 Bb5 36. Rd2 Ke7 37. Re1 Rxc7 38. f5 Kf6 39. Ng4+ Kxf5 40.
Re5+ Kg6 41. f4 Rc1+ 42. Kf2 h5 43. f5+ Kh7 44. Ne3 Rf6 45. Nd5 Rd6 46. f6 Rc5
47. Re7 Rcxd5 48. Rxd5 Rxd5 49. fxg7 Rf5+ 50. Ke3 Kxg7 51. Kd4 Rf6 52. Re5 Re6
53. Rg5+ Kf8 54. Kc5 Rg6 {Time forfeit} 0-1

[Event "Rated Blitz game"]
[Site "?"]
[Date "2021.02.25"]
[Round "?"]
[White "Mark_Twain_64"]
[Black "Monkey_King"]
[Result "0-1"]
[WhiteElo "2452"]
[BlackElo "2581"]
[PlyCount "140"]
[EventDate "2021.??.??"]
[EventType "blitz"]

1. e4 e5 2. Nf3 d5 3. Nc3 dxe4 4. Nxe4 f5 5. Ng3 e4 6. Ne5 Nf6 7. d4 Bd6 8. Bc4
Bxe5 9. dxe5 Qxd1+ 10. Kxd1 Ng4 11. Ke2 Nxe5 12. Bb3 Nbc6 13. c3 b6 14. Bf4
Ba6+ 15. Kd1 O-O-O+ 16. Kc2 g6 17. Rad1 Nd3 18. Bg5 Rd6 19. Rd2 h6 20. Be3 f4
21. Nxe4 fxe3 22. Nxd6+ cxd6 23. Rxd3 Bxd3+ 24. Kxd3 exf2 25. Rf1 Rf8 26. Ke2
Kd7 27. Rxf2 Rxf2+ 28. Kxf2 Ke7 29. Ke3 Ne5 30. h3 g5 31. Bd5 Ng6 32. g3 Kf6
33. Ke4 Ne7 34. Bb7 Ke6 35. a4 d5+ 36. Kf3 Kf5 37. b4 a5 38. Ba6 h5 39. Bd3+
Ke5 40. h4 g4+ 41. Ke3 Ng8 42. Bg6 Nf6 43. Kd3 Ne4 44. Bxe4 dxe4+ 45. Ke3 Kd5
46. Kf4 Kc4 47. bxa5 bxa5 48. Kxe4 Kxc3 49. Kf5 Kb4 50. Kg5 Kxa4 51. Kxh5 Kb4
52. Kxg4 a4 53. h5 a3 54. Kg5 a2 55. h6 a1=Q 56. Kg6 Qa6+ 57. Kg7 Qb7+ 58. Kg8
Qd5+ 59. Kg7 Qg5+ 60. Kh7 Kc5 61. g4 Kd6 62. Kh8 Qxh6+ 63. Kg8 Qg5+ 64. Kf7 Kd7
65. Kf8 Qxg4 66. Kf7 Qe6+ 67. Kf8 Qe7+ 68. Kg8 Ke6 69. Kh8 Kf6 70. Kg8 Qg7# {
Normal} 0-1

[Event "Rated Blitz game"]
[Site "?"]
[Date "2021.02.25"]
[Round "?"]
[White "ArdianJashari"]
[Black "KamranShirazi"]
[Result "1/2-1/2"]
[WhiteElo "2430"]
[BlackElo "2520"]
[PlyCount "129"]
[EventDate "2021.??.??"]
[EventType "blitz"]

1. e4 e5 2. Nf3 d5 3. Nxe5 Bd6 4. d4 dxe4 5. Nc4 Nc6 6. c3 f5 7. Nxd6+ Qxd6 8.
Bc4 Nf6 9. Bg5 Be6 10. Bxf6 Bxc4 11. Bxg7 Rg8 12. Qh5+ Kd7 13. Be5 Nxe5 14.
dxe5 Qd3 15. Nd2 e3 16. O-O-O Kc6 17. Nxc4 Qxc4 18. Qxf5 Raf8 19. Qxh7 exf2 20.
Qd7+ Kb6 21. Rhf1 Rxg2 22. Qd4+ Qc5 23. Kd2 Re8 24. Qxc5+ Kxc5 25. Ke3 Rxe5+
26. Kf3 Rxh2 27. Kg3 Reh5 28. Rxf2 Rxf2 29. Kxf2 Rh2+ 30. Ke3 Rxb2 31. a4 Ra2
32. Rd7 Kc6 33. Rd4 a5 34. Kd3 Kb6 35. Rh4 c6 36. Rg4 Ra1 37. Rh4 Kc5 38. Rh5+
Kb6 39. Rh4 Ka6 40. Rg4 b5 41. Kc2 Rxa4 42. Rg6 Rc4 43. Kb3 Kb6 44. Rh6 a4+ 45.
Kb2 Re4 46. Rg6 Re2+ 47. Kb1 Kc5 48. Rg4 Kd5 49. Rd4+ Kc5 50. Rh4 a3 51. Rb4
Rb2+ 52. Rxb2 axb2 53. Kxb2 Kc4 54. Kc2 c5 55. Kb2 Kd3 56. Kb3 Kd2 57. Kb2 b4
58. cxb4 c4 59. b5 c3+ 60. Kb3 c2 61. Ka4 c1=Q 62. Ka5 Qc3+ 63. Ka6 Qb3 64. b6
Qxb6+ 65. Kxb6 {Normal} 1/2-1/2

[Event "Rated Blitz game"]
[Site "?"]
[Date "2021.02.25"]
[Round "?"]
[White "hima_saber80"]
[Black "philip_simon_din"]
[Result "1-0"]
[WhiteElo "2428"]
[BlackElo "2399"]
[PlyCount "69"]
[EventDate "2021.??.??"]
[EventType "blitz"]

1. e4 e5 2. Nf3 d5 3. d4 dxe4 4. Nxe5 Nd7 5. Qe2 Ngf6 6. Nc3 Bb4 7. Qc4 Bxc3+
8. Qxc3 O-O 9. Bg5 h6 10. Bh4 Qe7 11. Bc4 c6 12. O-O b5 13. Bb3 Bb7 14. Nxc6
Qd6 15. d5 Rac8 16. Bg3 Qc5 17. Qxc5 Nxc5 18. Ne7+ Kh7 19. Nxc8 Rxc8 20. d6 a5
21. Bxf7 Na4 22. b3 Nc3 23. Rfe1 b4 24. a3 Ncd5 25. axb4 axb4 26. Ra7 Bc6 27.
Be6 Rd8 28. Be5 Kg6 29. g4 h5 30. h3 hxg4 31. hxg4 Bd7 32. Bxd5 Nxd5 33. Rxe4
Bc6 34. Rxg7+ Kh6 35. Rf7 {Time forfeit} 1-0

[Event "Rated Blitz game"]
[Site "?"]
[Date "2021.02.25"]
[Round "?"]
[White "Edsel_montoya0506"]
[Black "FG-Panes111"]
[Result "1-0"]
[WhiteElo "2422"]
[BlackElo "2425"]
[PlyCount "45"]
[EventDate "2021.??.??"]
[EventType "blitz"]

1. e4 e5 2. Nf3 d5 3. exd5 e4 4. Qe2 Nf6 5. d3 Qxd5 6. Nc3 Bb4 7. Nd2 Bxc3 8.
bxc3 O-O 9. dxe4 Qa5 10. Qc4 Be6 11. Qb5 Qxc3 12. Bb2 Qc6 13. Qg5 h6 14. Qg3
Nh5 15. Qf3 Qxc2 16. Rb1 Bxa2 17. Bd3 Qc5 18. Rc1 Qa5 19. Bc3 Qa3 20. O-O Rd8
21. Nc4 Bxc4 22. Bxc4 Nf6 23. e5 {Time forfeit} 1-0

[Event "Rated Blitz game"]
[Site "?"]
[Date "2021.02.25"]
[Round "?"]
[White "carlodoctolero"]
[Black "Helder37"]
[Result "1-0"]
[WhiteElo "2434"]
[BlackElo "2256"]
[PlyCount "61"]
[EventDate "2021.??.??"]
[EventType "blitz"]

1. e4 e5 2. Nf3 d5 3. exd5 e4 4. Ne5 Bd6 5. d4 Nf6 6. c4 O-O 7. Nc3 c5 8. f4
exf3 9. Nxf3 Re8+ 10. Be2 Bg4 11. O-O a6 12. dxc5 Bxc5+ 13. Kh1 Nbd7 14. Bf4
Qb6 15. Qc2 Bd4 16. Nxd4 Qxd4 17. Bxg4 Nxg4 18. b3 Nc5 19. Rad1 Qf6 20. h3 Qh4
21. d6 g5 22. Kg1 gxf4 23. hxg4 Qxg4 24. Nd5 Re2 25. Nf6+ Kg7 26. Nxg4 Rxc2 27.
Rxf4 Rxa2 28. Ne5 Rg8 29. d7 Nxd7 30. Rxd7 Kh8 31. Nxf7+ {Normal} 1-0

[Event "Rated Blitz tournament FYTmCUBe"]
[Site "?"]
[Date "2021.02.25"]
[Round "?"]
[White "stop_cockroach"]
[Black "Maltinho"]
[Result "1-0"]
[WhiteElo "2601"]
[BlackElo "2477"]
[PlyCount "61"]
[EventDate "2021.??.??"]
[EventType "blitz"]

1. e4 e5 2. Nf3 d5 3. Nxe5 Bd6 4. d4 dxe4 5. Nc4 Nf6 6. Nc3 O-O 7. Bg5 h6 8.
Bh4 Nc6 9. Be2 Re8 10. Qd2 Bf5 11. O-O-O a6 12. g4 Bg6 13. g5 hxg5 14. Bxg5 b5
15. Ne3 Be7 16. h4 Bh7 17. Rhg1 Kh8 18. h5 Qd6 19. h6 g6 20. Kb1 Rad8 21. d5 b4
22. Nc4 Qc5 23. Na4 Qb5 24. Nd6 Qxa4 25. Nxf7+ Kg8 26. Nxd8 Rxd8 27. Bc4 Ne5
28. Bb3 Qe8 29. d6+ Kh8 30. dxe7 Rxd2 31. Bxf6# {Normal} 1-0

[Event "Rated Blitz tournament N8zNKpCt"]
[Site "?"]
[Date "2021.02.25"]
[Round "?"]
[White "ChessMood_Star"]
[Black "VVV-31"]
[Result "1/2-1/2"]
[WhiteElo "2502"]
[BlackElo "2234"]
[PlyCount "127"]
[EventDate "2021.??.??"]
[EventType "blitz"]

1. e4 e5 2. Nf3 d5 3. d4 dxe4 4. Nxe5 Bd6 5. Bc4 Bxe5 6. dxe5 Qxd1+ 7. Kxd1 Nc6
8. Bf4 Bg4+ 9. Kc1 Nge7 10. Nc3 Ng6 11. Bg3 Ngxe5 12. Bb5 O-O-O 13. Nxe4 f6 14.
b3 a6 15. Bxc6 Nxc6 16. Kb2 Rhe8 17. Rhe1 Bf5 18. Nc3 Rxe1 19. Rxe1 Rd2 20. Re2
Rxe2 21. Nxe2 Nb4 22. Nd4 Bg6 23. a3 Nd5 24. c4 Ne7 25. Ne6 Nf5 26. Bf4 Bf7 27.
Nc5 g5 28. Bd2 b6 29. Nxa6 c5 30. b4 Kb7 31. b5 Bxc4 32. a4 Nh4 33. g3 Nf3 34.
Bc3 f5 35. Kc2 Nxh2 36. Kd2 Ng4 37. f3 Nh6 38. Ke3 Nf7 39. g4 fxg4 40. fxg4 Be6
41. Kf3 Bb3 42. a5 Nd6 43. axb6 Kxb6 44. Bd2 Nxb5 45. Nb8 Be6 46. Bxg5 Kb7 47.
Bf4 Nd4+ 48. Ke4 Ne2 49. Bh2 Bxg4 50. Kd5 h5 51. Kxc5 h4 52. Nc6 Ng3 53. Na5+
Ka6 54. Nc4 Be2 55. Ne5 Nf5 56. Kd5 Bd1 57. Ke4 Bc2+ 58. Kf4 Nd4 59. Kg4 Ne6
60. Kxh4 Nd4 61. Ng4 Nf3+ 62. Kg3 Nxh2 63. Kxh2 Bd1 64. Kh3 {Normal} 1/2-1/2

[Event "Rated Blitz game"]
[Site "?"]
[Date "2021.02.25"]
[Round "?"]
[White "Vihajaisestatulesta"]
[Black "Woodtree"]
[Result "0-1"]
[WhiteElo "2408"]
[BlackElo "2534"]
[PlyCount "110"]
[EventDate "2021.??.??"]
[EventType "blitz"]

1. e4 e5 2. Nf3 d5 3. exd5 e4 4. Qe2 Nf6 5. d3 Be7 6. dxe4 O-O 7. Nc3 Re8 8.
Be3 Bb4 9. Bg5 Nbd7 10. e5 h6 11. Bh4 Nxd5 12. Bxd8 Nxc3 13. bxc3 Bxc3+ 14. Kd1
Rxd8 15. Qd3 Bxa1 16. c3 b6 17. Kc2 Bb7 18. Be2 Nc5 19. Qc4 Be4+ 20. Kc1 a5 21.
Nd2 Bd5 22. Qd4 Bxa2 23. Qe3 a4 24. Bc4 Rxd2 25. Qxd2 Bxc4 26. Kb1 a3 27. Qd4
Nb3 28. Qxc4 Nd2+ 29. Kxa1 Nxc4 30. f4 a2 31. Rd1 c5 32. g4 Kf8 33. f5 Ke7 34.
Re1 b5 35. h4 b4 36. cxb4 cxb4 37. Rc1 b3 38. Rxc4 b2+ 39. Kxb2 a1=Q+ 40. Kb3
Rb8+ 41. Kc2 Rb2+ 42. Kd3 Qd1+ 43. Ke4 Qe2+ 44. Kd5 Rb5+ 45. Kd4 Qxg4+ 46. Kc3
Qf3+ 47. Kd4 Qf4+ 48. Kc3 Qe3+ 49. Kc2 Qe2+ 50. Kc3 Qxe5+ 51. Kc2 Qxf5+ 52. Kc3
Qe5+ 53. Kc2 Rb2+ 54. Kc1 Rh2 55. h5 Qa1# {Normal} 0-1

[Event "Rated Blitz game"]
[Site "?"]
[Date "2021.02.25"]
[Round "?"]
[White "Shaginyan_A"]
[Black "CristianS27"]
[Result "1-0"]
[WhiteElo "2439"]
[BlackElo "2437"]
[PlyCount "53"]
[EventDate "2021.??.??"]
[EventType "blitz"]

1. e4 e5 2. Nf3 d5 3. Nxe5 dxe4 4. d4 Nd7 5. Nc4 Nb6 6. Ne3 f5 7. Nc3 Nf6 8.
Nc4 Nxc4 9. Bxc4 Bd6 10. Bg5 c6 11. Qd2 h6 12. Bf4 Bxf4 13. Qxf4 Qxd4 14. Bb3
g5 15. Qc7 Qd7 16. Qe5+ Qe7 17. Qd4 Be6 18. h4 O-O 19. hxg5 hxg5 20. O-O-O Bxb3
21. axb3 Rfd8 22. Qe3 Rxd1+ 23. Rxd1 f4 24. Qh3 Rd8 25. Rh1 Kf7 26. Qf5 e3 27.
Rh7+ {Normal} 1-0

[Event "Rated Blitz game"]
[Site "?"]
[Date "2021.02.25"]
[Round "?"]
[White "Pandachess-ru"]
[Black "Chesspirate_Channel"]
[Result "1-0"]
[WhiteElo "2548"]
[BlackElo "2386"]
[PlyCount "35"]
[EventDate "2021.??.??"]
[EventType "blitz"]

1. e4 e5 2. Nf3 d5 3. exd5 e4 4. Qe2 Nf6 5. d3 Be7 6. dxe4 O-O 7. Nc3 Re8 8.
Bd2 Bb4 9. O-O-O Bxc3 10. Bxc3 Nxe4 11. Be5 Rxe5 12. Nxe5 Qg5+ 13. Kb1 Qxe5 14.
f3 Bg4 15. h3 Bf5 16. g4 Bg6 17. fxe4 Bxe4 18. Bg2 {Normal} 1-0

[Event "Rated Blitz game"]
[Site "?"]
[Date "2021.02.25"]
[Round "?"]
[White "Alejandropacheco29"]
[Black "KamranShirazi"]
[Result "1-0"]
[WhiteElo "2458"]
[BlackElo "2551"]
[PlyCount "127"]
[EventDate "2021.??.??"]
[EventType "blitz"]

1. e4 e5 2. Nf3 d5 3. exd5 e4 4. Qe2 f5 5. d3 Nf6 6. Nbd2 Bb4 7. c3 O-O 8. cxb4
exf3 9. Qxf3 Nxd5 10. a3 Nc6 11. Nb3 Ndxb4 12. axb4 Nxb4 13. Kd1 Be6 14. Ra3
Bd5 15. Qf4 a5 16. Bd2 b6 17. Bc3 c5 18. Be2 c4 19. Nc1 cxd3 20. Nxd3 Nxd3 21.
Bxd3 Bxg2 22. Qc4+ Bd5 23. Rg1 Ra7 24. Qd4 Rff7 25. Bxf5 Bf3+ 26. Kc1 Qxd4 27.
Bxd4 Rxf5 28. Bxb6 Ra6 29. Bd4 Rc6+ 30. Rc3 Rxc3+ 31. Bxc3 g6 32. Kd2 Bd5 33.
Ke3 a4 34. f4 Rh5 35. Rd1 Bb3 36. Rd2 Kf7 37. Be5 Ke6 38. Kf3 Kf5 39. Kg3 g5
40. h3 Rh6 41. Rd7 gxf4+ 42. Bxf4 Rg6+ 43. Kf3 Be6 44. Rxh7 Bd5+ 45. Ke3 Re6+
46. Kd4 Be4 47. Bh2 Kg5 48. Rg7+ Kh4 49. Rg4+ Kxh3 50. Rxe4 Rxe4+ 51. Kxe4 Kxh2
52. Kd4 Kh3 53. Kc4 Kg4 54. Kb4 Kf5 55. Kxa4 Ke6 56. Kb5 Kd7 57. Kb6 Kc8 58.
Ka7 Kc7 59. b4 Kc6 60. Ka6 Kc7 61. b5 Kb8 62. Kb6 Ka8 63. Ka6 Kb8 64. b6 {
Time forfeit} 1-0

[Event "Rated Blitz game"]
[Site "?"]
[Date "2021.02.25"]
[Round "?"]
[White "Paparama"]
[Black "Monkey_King"]
[Result "1-0"]
[WhiteElo "2584"]
[BlackElo "2595"]
[PlyCount "65"]
[EventDate "2021.??.??"]
[EventType "blitz"]

1. e4 e5 2. Nf3 d5 3. Nxe5 dxe4 4. Bc4 Qg5 5. d4 Qxg2 6. Bxf7+ Ke7 7. Rf1 Nf6
8. Be3 Nc6 9. Bc4 Bh3 10. Qd2 Rd8 11. Nxc6+ bxc6 12. Qb4+ Kd7 13. Qa4 Rb8 14.
d5 Nxd5 15. Nd2 Rb4 16. Qxa7 Rxc4 17. O-O-O Rb4 18. Rg1 Qxh2 19. c4 Qe5 20. Bd4
Qe6 21. cxd5 cxd5 22. Bxg7 Rg8 23. Bxf8 Rxf8 24. Nb3 Qc6+ 25. Kb1 Rxf2 26. Rc1
Rc4 27. Qxf2 Be6 28. Rxc4 Qxc4 29. Rc1 Qd3+ 30. Ka1 e3 31. Nc5+ Kc6 32. Nxd3+
Kd6 33. Qxe3 {Normal} 1-0

[Event "Rated Blitz game"]
[Site "?"]
[Date "2021.02.25"]
[Round "?"]
[White "Wea_pawn"]
[Black "philip_simon_din"]
[Result "1-0"]
[WhiteElo "2528"]
[BlackElo "2397"]
[PlyCount "157"]
[EventDate "2021.??.??"]
[EventType "blitz"]

1. e4 e5 2. Nf3 d5 3. d4 dxe4 4. Nxe5 Nd7 5. Nc4 f5 6. Nc3 Ngf6 7. f3 Bb4 8.
Bd2 O-O 9. a3 Bxc3 10. Bxc3 c6 11. Be2 Qe8 12. O-O Qg6 13. Kh1 Nb6 14. Ne5 Qe8
15. Bb4 Nbd5 16. Bxf8 Qxf8 17. Qd2 e3 18. Qd3 f4 19. c4 Ne7 20. Rad1 Bf5 21.
Qb3 Rb8 22. Bd3 Kh8 23. Qc2 Nh5 24. Bxf5 Nxf5 25. Nd7 Qf7 26. Nxb8 Nhg3+ 27.
Kg1 e2 28. Rfe1 Ne3 29. Qd2 exd1=R 30. Rxd1 Ngf5 31. Re1 Qxc4 32. Nd7 Nxd4 33.
Ne5 Qc5 34. Nd3 Qb6 35. Nxf4 g5 36. Rxe3 Nf5 37. Qc3+ Kg8 38. Qc4+ Kg7 39. Ne6+
Kf6 40. Nc5 Nxe3 41. Nd7+ Ke7 42. Nxb6 Nxc4 43. Nxc4 b5 44. Ne5 a5 45. Nd3 c5
46. Nxc5 Kd6 47. b4 axb4 48. axb4 Kd5 49. Kf2 Kc4 50. Na6 h5 51. Kg3 Kd4 52. h4
gxh4+ 53. Kxh4 Ke5 54. Kxh5 Kf4 55. g4 Kxf3 56. g5 Ke4 57. g6 Kd5 58. g7 Kd4
59. g8=Q Kc3 60. Qd8 Kc4 61. Kg5 Kb3 62. Kf4 Ka4 63. Ke5 Kb3 64. Qd5+ Ka4 65.
Kd4 Ka3 66. Qc5 Ka4 67. Kd5 Ka3 68. Kc6 Kb3 69. Qxb5 Kb2 70. Kb6 Kc3 71. Ka5
Kd4 72. Qc5+ Ke4 73. b5 Kd3 74. b6 Ke4 75. b7 Kd3 76. b8=Q Kd2 77. Qd8+ Ke2 78.
Qce7+ Kf3 79. Qdf8+ {Normal} 1-0

[Event "Rated Blitz game"]
[Site "?"]
[Date "2021.02.25"]
[Round "?"]
[White "novik70"]
[Black "Chesspirate_Channel"]
[Result "1-0"]
[WhiteElo "2433"]
[BlackElo "2386"]
[PlyCount "67"]
[EventDate "2021.??.??"]
[EventType "blitz"]

1. e4 e5 2. Nf3 d5 3. Nxe5 Bd6 4. d4 dxe4 5. Nc4 Be7 6. Be2 Nf6 7. O-O Nc6 8.
c3 O-O 9. f3 exf3 10. Bxf3 Be6 11. Ne3 Nd5 12. Bxd5 Bxd5 13. Nf5 Bf6 14. Qg4
Kh8 15. Nd2 g6 16. Ne3 Be6 17. Qf3 Bg7 18. Ne4 Ne7 19. Nc5 Bc8 20. Nxb7 Bxb7
21. Qxb7 c6 22. Nc4 Qd5 23. Qxe7 Qxc4 24. Bf4 Rae8 25. Qc5 Qxc5 26. dxc5 Re2
27. Rf2 Rfe8 28. Rd1 h6 29. g4 f5 30. gxf5 gxf5 31. Rxe2 Rxe2 32. Rd2 Re4 33.
Bd6 f4 34. Kf2 {Normal} 1-0

[Event "Rated Blitz game"]
[Site "?"]
[Date "2021.02.25"]
[Round "?"]
[White "al41ex"]
[Black "alaeldin12"]
[Result "1-0"]
[WhiteElo "2439"]
[BlackElo "2280"]
[PlyCount "85"]
[EventDate "2021.??.??"]
[EventType "blitz"]

1. e4 e5 2. Nf3 d5 3. d4 dxe4 4. Nxe5 Bd6 5. Bf4 Ne7 6. Nc3 f6 7. Bc4 fxe5 8.
dxe5 Bb4 9. Qh5+ g6 10. Qh4 Nf5 11. Qxd8+ Kxd8 12. O-O-O+ Ke7 13. Nd5+ Kf7 14.
Nxb4+ Be6 15. Bxe6+ Kxe6 16. Nd5 Na6 17. g4 Nh4 18. Bg3 Nf3 19. Nf4+ Ke7 20.
Nd5+ Ke6 21. Nf6 Nxe5 22. Nxe4 Nxg4 23. Rhe1 Rad8 24. Nc5+ Kf5 25. Nxb7 Rxd1+
26. Rxd1 h5 27. Rd5+ Ke4 28. Ra5 Nb4 29. Ra4 c5 30. Nxc5+ Kd5 31. Nd7 Nc6 32.
c4+ Ke6 33. Nc5+ Kf5 34. Ra6 Nd4 35. Rxa7 Ne2+ 36. Kd2 Nxg3 37. hxg3 Rd8+ 38.
Ke2 Rc8 39. b4 Re8+ 40. Kd2 Ne5 41. Kc3 Kg4 42. Nd7 Rd8 43. Nxe5+ {Normal} 1-0

[Event "Rated Blitz game"]
[Site "?"]
[Date "2021.02.25"]
[Round "?"]
[White "Porgy"]
[Black "KamranShirazi"]
[Result "1/2-1/2"]
[WhiteElo "2340"]
[BlackElo "2520"]
[PlyCount "134"]
[EventDate "2021.??.??"]
[EventType "blitz"]

1. e4 e5 2. Nf3 d5 3. exd5 e4 4. Nd4 Qxd5 5. Nb3 Bd6 6. Nc3 Qe5 7. Be2 Bf5 8.
Bg4 Nh6 9. Bxf5 Nxf5 10. Qe2 O-O 11. Qxe4 Qf6 12. O-O Nc6 13. Nd5 Qg6 14. h3
Rae8 15. Qg4 Nfd4 16. Nxd4 Qxg4 17. hxg4 Nxd4 18. Ne3 Bf4 19. c3 Ne2+ 20. Kh1
Re6 21. g3 Bxe3 22. dxe3 f5 23. g5 Rg6 24. Kg2 Rxg5 25. Kf3 Nxc1 26. Raxc1 Rg6
27. Rcd1 Rb6 28. b3 h6 29. Rd7 Rf7 30. Rfd1 Rc6 31. c4 a5 32. Rxf7 Kxf7 33.
Rd7+ Kf6 34. g4 fxg4+ 35. Kxg4 b6 36. f4 g6 37. e4 h5+ 38. Kf3 Rc5 39. e5+ Ke6
40. Rg7 b5 41. Rxg6+ Kf7 42. Rf6+ Ke7 43. cxb5 Rxb5 44. Rh6 a4 45. bxa4 Rb4 46.
Rxh5 Rxa4 47. Rh7+ Ke6 48. Rxc7 Rxa2 49. Rc6+ Kd7 50. Rd6+ Ke7 51. Ke4 Rh2 52.
Kf5 Rh5+ 53. Ke4 Rh2 54. Ra6 Re2+ 55. Kf5 Rh2 56. Ra7+ Kf8 57. Ke6 Rh6+ 58. Kf5
Rb6 59. e6 Rb4 60. Kf6 Rxf4+ 61. Ke5 Rf2 62. Kd6 Rd2+ 63. Ke5 Ke8 64. Kf6 Rf2+
65. Ke5 Rd2 66. Ra8+ Ke7 67. Ra7+ Ke8 {Normal} 1/2-1/2

[Event "Rated Blitz game"]
[Site "?"]
[Date "2021.02.25"]
[Round "?"]
[White "Melchisedek"]
[Black "philip_simon_din"]
[Result "0-1"]
[WhiteElo "2294"]
[BlackElo "2413"]
[PlyCount "68"]
[EventDate "2021.??.??"]
[EventType "blitz"]

1. e4 e5 2. Nf3 d5 3. d4 dxe4 4. Nxe5 Nd7 5. Nxd7 Bxd7 6. Bc4 f5 7. Bxg8 Rxg8
8. Qh5+ g6 9. Qxh7 Be6 10. Nc3 Qxd4 11. Bg5 Bf7 12. Rd1 Qe5 13. Qh3 Bc4 14. Qe3
Bc5 15. Qf4 Qg7 16. Na4 Bd6 17. Rxd6 cxd6 18. Qxd6 Qd7 19. Qe5+ Qe6 20. Qc7 Rc8
21. Qxb7 Ba6 22. Qxa7 Rf8 23. Nc5 Rxc5 24. Qxc5 Kf7 25. Qa7+ Kg8 26. Bh6 Rf7
27. Qb8+ Kh7 28. Qf4 Qc4 29. Kd1 Rd7+ 30. Kc1 Qxa2 31. c3 Bd3 32. Kd2 Qxb2+ 33.
Kd1 Be2+ 34. Ke1 Rd1# {Normal} 0-1

[Event "Rated Blitz game"]
[Site "?"]
[Date "2021.02.25"]
[Round "?"]
[White "TrickOrTreat"]
[Black "KamranShirazi"]
[Result "1-0"]
[WhiteElo "2483"]
[BlackElo "2539"]
[PlyCount "91"]
[EventDate "2021.??.??"]
[EventType "blitz"]

1. e4 e5 2. Nf3 d5 3. Nxe5 Bd6 4. d4 dxe4 5. Nc4 Nc6 6. Be3 f5 7. Nxd6+ cxd6 8.
Qd2 Nf6 9. Be2 O-O 10. c4 Ng4 11. Bxg4 fxg4 12. Nc3 Bf5 13. Ne2 Rc8 14. b3 a6
15. Ng3 Bg6 16. O-O b5 17. Rac1 bxc4 18. bxc4 Ne7 19. Bg5 Qd7 20. Bxe7 Qxe7 21.
Rfe1 Rce8 22. c5 dxc5 23. dxc5 Rc8 24. c6 Rf6 25. Qd7 Qf8 26. c7 Rf7 27. Qe6
Kh8 28. Qxg4 Rcxc7 29. Rxc7 Rxc7 30. Nxe4 Rc4 31. f3 Ra4 32. Qe6 Bf5 33. Qb3
Ra3 34. Qc4 h6 35. Ng3 Bg6 36. Qe6 Kh7 37. h4 Qc5+ 38. Kh2 Ra4 39. Ne4 Qh5 40.
Kg3 Ra5 41. Qe7 Qf5 42. Kh2 Re5 43. Ng5+ Qxg5 44. Qxe5 Qxh4+ 45. Kg1 Qb4 46.
Qe3 {Time forfeit} 1-0